Statistics for Start with W, ends with W

Click here to take the quiz!

General Stats

  • This quiz has been taken 58 times
  • The average score is 8 of 13

Answer Stats

QuestionAnswer% Correct
When her husband has diedWidow
98%
Three letter expression of surpriseWow
98%
Capital of PolandWarsaw
96%
Use an ATM to do thisWithdraw
95%
Type of tree, used to make cricket batsWillow
87%
One-wheeled garden carrierWheelbarrow
80%
Double glazed?Window
78%
Pigs do this, in mudWallow
76%
Past participle of withdrawWithdrew
75%
Willie, Margaret Thatchers Deputy PMWhitelaw
27%
To get rid of somethingWinnow
18%
Very narrow sawWhipsaw
13%
A sudden, violent windWilliwaw
4%

Score Distribution

Percentile by Number Answered

Percent of People with Each Score

Your Score History

You have not taken this quiz